The lust crusade / Jo Segura.
Available copies
- 1 of 2 copies available at LARL/NWRL Consortium.
- 1 of 2 copies available at Lake Agassiz Regional Library. (Show preferred library)
Current holds
0 current holds with 2 total copies.
Show Only Available Copies
| Location | Call Number / Copy Notes | Barcode | Shelving Location | Status | Due Date |
|---|---|---|---|---|---|
| Frazee LINK Site | SEG (Text) | 33500014324750 | New | Checked out | 05/01/2026 |
| Moorhead Public Library | SEG (Text) | 33500014324743 | New | Available | - |
Record details
- ISBN: 9780593953280
- ISBN: 0593953282
- Physical Description: 367 pages ; 21 cm
- Edition: First edition.
- Publisher: New York : Berkley Romance, 2026.
Content descriptions
| Summary, etc.: | "A plucky librarian and an archaeologist on the ... Read More |
Search for related items by subject
| Genre: | Adventure fiction. Romance fiction. Action and adventure fiction. Novels. Fiction. |
| LDR | 04056cam a22006738i 4500 | ||
|---|---|---|---|
| 001 | 471013 | ||
| 003 | LARL_NWRL_CONSORTIUM | ||
| 005 | 20260120164856.0 | ||
| 008 | 250829s2026 nyu 000 1 eng | ||
| 007 | ta | ||
| 010 | . | ‡a 2025025256 | |
| 040 | . | ‡aDLC ‡beng ‡erda ‡cDLC ‡dIG# ‡dOCLCO ‡dLIV ‡dHQD ‡dWC4 ‡dMWD | |
| 020 | . | ‡a9780593953280 ‡qtrade paperback | |
| 020 | . | ‡a0593953282 ‡qtrade paperback | |
| 020 | . | ‡z9780593953297 ‡qebook | |
| 035 | . | ‡a(OCoLC)1514990435 | |
| 042 | . | ‡apcc | |
| 082 | 0 | 0. | ‡a[Fic] |
| 100 | 1 | . | ‡aSegura, Jo ‡eauthor ‡4aut ‡4http://id.loc.gov/vocabulary/relators/aut ‡1http://id.loc.gov/rwo/agents/n2023027793. |
| 245 | 1 | 4. | ‡aThe lust crusade / ‡cJo Segura. |
| 250 | . | ‡aFirst edition. | |
| 264 | 1. | ‡aNew York : ‡bBerkley Romance, ‡c2026. | |
| 300 | . | ‡a367 pages ; ‡c21 cm | |
| 334 | . | ‡asingle unit ‡bmono ‡0http://id.loc.gov/vocabulary/issuance/mono | |
| 336 | . | ‡atext ‡btxt ‡2rdacontent ‡0http://id.loc.gov/vocabulary/contentTypes/txt | |
| 337 | . | ‡aunmediated ‡bn ‡2rdamedia ‡0http://id.loc.gov/vocabulary/mediaTypes/n | |
| 338 | . | ‡avolume ‡bnc ‡2rdacarrier ‡0http://id.loc.gov/vocabulary/carriers/nc | |
| 520 | . | ‡a"A plucky librarian and an archaeologist on the run fake an engagement to save their lives, leading them into the labyrinth of their own desires. Daniela Guiterrez has been in love with her brother's best friend for as long as she can remember-until he went missing a year ago during an archaeological expedition. But on a solo trip to Greece, the intrepid librarian discovers that Theo is very much alive, although judging by the criminals holding him hostage, he is not doing well. An expert in Ancient Greek archaeology, Dr. Theo Galanis has been abducted by artifact smugglers in search of a priceless gemstone-the Eye of the Minotaur. This ridiculous assignment was supposed to get Dani out of his system, not keep her tied up next to him. But when a little white lie spirals into his captors believing Theo and Dani are engaged, they must utilize her research skills and his expertise to solve the centuries' old Minoan mystery, all while feigning a romance to keep each other alive. Now with less than six days to find the jewel, underground societies, mythological beings, and pesky abductors are only half the battle. Because among the ancient ruins and temples they explore is an even bigger danger: falling in love for real"-- Provided by publisher. | |
| 650 | 0. | ‡aLibrarians ‡vFiction. ‡0(LARL_NWRL_CONSORTIUM)172743 | |
| 650 | 0. | ‡aArchaeologists ‡vFiction. ‡0(LARL_NWRL_CONSORTIUM)163456 | |
| 650 | 0. | ‡aSmugglers ‡vFiction. ‡0(LARL_NWRL_CONSORTIUM)175123 | |
| 650 | 0. | ‡aHostages ‡vFiction. ‡0(LARL_NWRL_CONSORTIUM)165688 | |
| 650 | 0. | ‡aAntiquities ‡vFiction. | |
| 650 | 0. | ‡aMan-woman relationships ‡vFiction. ‡0(LARL_NWRL_CONSORTIUM)165985 | |
| 650 | 7. | ‡aLibrarians ‡vFiction. ‡2sears ‡0(LARL_NWRL_CONSORTIUM)172743 | |
| 650 | 7. | ‡aArcheologists ‡vFiction. ‡2sears | |
| 650 | 7. | ‡aSmugglers ‡vFiction. ‡2sears ‡0(LARL_NWRL_CONSORTIUM)175123 | |
| 650 | 7. | ‡aHostages ‡vFiction. ‡2sears ‡0(LARL_NWRL_CONSORTIUM)165688 | |
| 650 | 7. | ‡aAntiquities ‡vFiction. ‡2sears | |
| 650 | 7. | ‡aMan-woman relationship ‡vFiction. ‡2sears | |
| 655 | 7. | ‡aAdventure fiction. ‡2gsafd | |
| 655 | 7. | ‡aRomance fiction. ‡2lcgft | |
| 655 | 7. | ‡aAction and adventure fiction. ‡2lcgft | |
| 655 | 7. | ‡aNovels. ‡2lcgft | |
| 655 | 7. | ‡aFiction. ‡2lcgft | |
| 758 | . | ‡1http://id.loc.gov/resources/instances/in00024313093 | |
| 758 | . | ‡4http://id.loc.gov/ontologies/bibframe/instanceOf ‡1http://id.loc.gov/resources/works/in00024313093 | |
| 776 | 0 | 8. | ‡iOnline version ‡4http://id.loc.gov/entities/relationships/onlineversion ‡aSegura, Jo ‡tLust crusade ‡bFirst edition ‡dNew York : Berkley Romance, 2026 ‡z9780593953297 ‡w(DLC) 2025025257 |
| 884 | . | ‡aDLC bibframe2marc v3.0-dev ‡g20250829 ‡qDLC ‡uhttps://github.com/lcnetdev/bibframe2marc/tree/v3.0-dev | |
| 901 | . | ‡a471013 ‡bOCoLC ‡c471013 ‡tbiblio ‡soclc | |

Add to basket
Permalink
Disable Highlighting